Punjab Ka Muqadma / (Record no. 37098)

MARC details
000 -LEADER
fixed length control field 00393nam a22001577a 4500
005 - DATE AND TIME OF LATEST TRANSACTION
control field 20250916160411.0
008 - FIXED-LENGTH DATA ELEMENTS--GENERAL INFORMATION
fixed length control field 250916b |||||||| |||| 00| 0 eng d
082 ## - DEWEY DECIMAL CLASSIFICATION NUMBER
Classification number 891.4
Item number HAN-P
100 ## - MAIN ENTRY--AUTHOR
Author Name M Hanif Raye
245 ## - TITLE STATEMENT
Title Punjab Ka Muqadma /
260 ## - PUBLICATION, DISTRIBUTION, ETC.
Place of Publication pakistan:
Name of publisher, distributor, etc. ilmi book publisher;
Date of publication, distribution, etc. 2000.
300 ## - PHYSICAL DESCRIPTION
Pages xiv, 160 p. :
650 ## - SUBJECT ADDED ENTRY--TOPICAL TERM
Subject / Department urdu Litreature
300 ## - PHYSICAL DESCRIPTION
-- 24 cm.
952 ## - LOCATION AND ITEM INFORMATION (KOHA)
-- 0
-- 0
Holdings
Lost status Damaged status Collection code Permanent Location Current Location Shelving Location Date acquired Full Call Number Accession No./Barcode Date last seen item type Koha item type
    CS/IT Superior Information Resource Center (SIRC) Superior University- Gold Campus Superior Information Resource Center (SIRC) Superior University- Gold Campus Urdu Litreature 09/16/2025 891.4 HAN-P 2000 30399 09/16/2025 BOOK BOOK

Powered by Koha